Catálogo
 En Linea

99 recetas de Wendie Gómez / (Registro nro. 35421)

Detalles MARC
000 -CABECERA
campo de control de longitud fija 00466nam a2200157 a 4500
001 - NÚMERO DE CONTROL
campo de control 000035930
005 - FECHA Y HORA DE LA ÚLTIMA TRANSACCIÓN
campo de control 20200930074729.0
008 - DATOS DE LONGITUD FIJA--INFORMACIÓN GENERAL
campo de control de longitud fija 111117s2011 dr 000 0 spa d
040 ## - FUENTE DE LA CATALOGACIÓN
Centro catalogador/agencia de origen DO-SdBNP
Lengua de catalogación spa
Centro/agencia transcriptor BNPHU
049 ## - FONDOS LOCALES (OCLC)
Fondos de biblioteca BNPD
100 1# - ENTRADA PRINCIPAL--NOMBRE DE PERSONA
Nombre de persona Gómez, Wendie
9 (RLIN) 61954
245 10 - MENCIÓN DE TÍTULO
Título 99 recetas de Wendie Gómez /
Mención de responsabilidad, etc. Wendie Gómez.
246 10 - FORMA VARIANTE DE TÍTULO
Título propio/Titulo breve Noventa y nueve recetas de Wendie Gómez
260 ## - PUBLICACIÓN, DISTRIBUCIÓN, ETC.
Lugar de publicación, distribución, etc. Santo Domingo :
Nombre del editor, distribuidor, etc. Red Line Printing,
Fecha de publicación, distribución, etc. 2011.
300 ## - DESCRIPCIÓN FÍSICA
Extensión 129 p. ;
Dimensiones 14 cm.
Existencias
Estado de retiro Estado de pérdida No para préstamo Código de colección Localización permanente Ubicación/localización actual Ubicación en estantería Fecha de adquisición Número de inventario Total de préstamos Signatura topográfica completa Código de barras Fecha visto por última vez Número de copia Precio válido a partir de Tipo de ítem Koha Restricciones de uso
    Excluido de préstamo Patrimonio Dominicano Patrimonio Dominicano Patrimonio Dominicano En catalogación 17.11.2011 LF1   35930-10 25.06.2020 e. 2 25.06.2020 Libro y Folleto Colección Patrimonio Dominicano  
      Dominicana de Servicio Patrimonio Dominicano Patrimonio Dominicano En catalogación 17.11.2011 LF1   35930-20 25.06.2020 e. 3 25.06.2020 Libro y Folleto Colección Dominicana de Servicio  
    Excluido de préstamo Patrimonio Dominicano Patrimonio Dominicano Patrimonio Dominicano En catalogación 17.11.2011 LF1   35930-30 25.06.2020   25.06.2020 Libro y Folleto Colección Patrimonio Dominicano  
      Dominicana de Servicio Patrimonio Dominicano Patrimonio Dominicano En catalogación 17.11.2011 LF1   35930-40 25.06.2020 e. 4 25.06.2020 Libro y Folleto Colección Dominicana de Servicio  

Con tecnología Koha